000
00252nam a2200097Ia 4500
001
782669
005
20250826170208.0
008
250824s9999 xx 000 0 und d
245
0
_a
KÜÇÜK DENİZ KIZI
_c
HANS CHRISTIAN ANDERSEN
260
_b
ARKADAŞ ÇOCUK
999
_c
782669
_d
782669